Countries Where French is the Official Language - Statistics

General Stats
  • This quiz has been taken 239 times
  • The average score is 19 of 29
Answer Stats
Country % Correct
France
100%
Switzerland
88%
Belgium
85%
Republic of the Congo
78%
Canada
76%
Ivory Coast [Cote d' Ivoire]
76%
Senegal
74%
Mali
73%
Niger
73%
Luxembourg
71%
Monaco
71%
Chad
70%
Guinea
68%
Togo
68%
Benin
67%
Haiti
67%
Cameroon
66%
Gabon
65%
Burkina Faso
62%
Central African Republic
60%
Madagascar
55%
Rwanda
54%
Burundi
52%
Comoros
51%
Seychelles
49%
Equatorial Guinea
42%
Djibouti
40%
Vanuatu
33%
Democratic Republic of the Congo
30%
No matching quizzes found
Score Distribution
Percent of People with Each Score
Percentile by Number Answered
Your Score History
You have not taken this quiz